| Tag |
First Indicator |
Second Indicator |
Subfields |
| LEADER |
00000cam a2200000 4500 |
| 001 |
in00000042251 |
| 005 |
20151007072622.0 |
| 008 |
720817s1924 nyua 00010 eng |
| 010 |
|
|
|a 24022919
|
| 035 |
|
|
|a (OCoLC)00383958
|
| 035 |
|
|
|9 AAE8236AM
|
| 040 |
|
|
|a DLC
|c KSU
|d TXA
|d UtOrBLW
|
| 049 |
|
|
|a TXAM
|c [25106]
|
| 050 |
|
0 |
|a TK6550
|b .L55
|
| 092 |
|
|
|a 621.384
|b L912w
|
| 100 |
1 |
|
|a Low, Archibald Montgomery.
|
| 245 |
1 |
0 |
|a Wireless possibilities /
|c A. M. Low ... With four diagrams.
|
| 264 |
|
1 |
|a New York :
|b E.P. Dutton & company,
|c [1924]
|
| 264 |
|
4 |
|c [©1924]
|
| 300 |
|
|
|a 76 pages :
|b diagrams ;
|c 17 cm.
|
| 336 |
|
|
|a text
|b txt
|2 rdacontent
|
| 337 |
|
|
|a unmediated
|b n
|2 rdamedia
|
| 338 |
|
|
|a volume
|b nc
|2 rdacarrier
|
| 650 |
|
0 |
|a Radio.
|
| 999 |
|
|
|a MARS
|
| 999 |
f |
f |
|s 8b349b89-7470-3e93-b43e-ba56d80e1da5
|i 02cdbc8a-0d1d-3a6c-b918-fbfb0c7b0a85
|t 0
|
| 952 |
f |
f |
|p ric
|a Texas A&M University
|b Rellis Campus
|c Joint Library Facility
|d Remote Storage
|t 0
|e TK6550 .L55
|h Library of Congress classification
|i unmediated -- volume
|m A14801038100
|
| 998 |
f |
f |
|a TK6550 .L55
|t 0
|l Remote Storage
|